000
00263nam a2200109Ia 4500
008
190911s9999||||xx |||||||||||||| ||und||
100
_a
Milton,J.S.
245
0
_a
Introduction to Probability and Statistics
260
_a
USA
_b
CRC
_c
1995
300
_a
811
942
_c
BK
999
_c
6819
_d
6819